[Event "DVM U20 2016"]
[Site "Borken-Gemen GER"]
[Date "2016.12.30"]
[Round "7"]
[White "Pluska, Alexander"]
[Black "Noe, Christopher"]
[Result "1/2-1/2"]
[Termination "normal"]
[Board "3.1"]
[BlackTitle "IM"]
[WhiteElo "2156"]
[BlackElo "2434"]
[WhiteClock "00:10:35"]
[BlackClock "00:28:08"]
[WhiteTeam "SK Doppelbauer Kiel"]
[BlackTeam "SC Eppingen"]
[PlyCount "114"]
[WhiteFideId "12975141"]
[BlackFideId "24692018"]
[EventCountry "GER"]
[EventRounds "7"]
[EventType "team-swiss"]
[EventDate "2016.12.26"]

1. e4 {[%clk 1:30:57]} e5 {[%clk 1:30:18]} 2. f4 {[%clk 1:31:16]} d5 {[%clk
1:29:06]} 3. exd5 {[%clk 1:31:42]} exf4 {[%clk 1:29:20]} 4. Nf3 {[%clk
1:30:06]} Nf6 {[%clk 1:26:09]} 5. Bb5+ {[%clk 1:28:34]} Nbd7 {[%clk 1:22:32]}
6. Nc3 {[%clk 1:25:14]} a6 {[%clk 1:17:21]} 7. Ba4 {[%clk 1:21:25]} b5 {[%clk
1:15:52]} 8. Bb3 {[%clk 1:19:59]} Nc5 {[%clk 1:15:06]} 9. O-O {[%clk 1:18:26]}
Be7 {[%clk 0:54:43]} 10. Ne5 {[%clk 0:47:16]} O-O {[%clk 0:54:58]} 11. d4
{[%clk 0:47:31]} Nxb3 {[%clk 0:54:35]} 12. axb3 {[%clk 0:47:54]} Bb7 {[%clk
0:52:51]} 13. Nc6 {[%clk 0:43:34]} Qd7 {[%clk 0:52:48]} 14. Bxf4 {[%clk
0:33:59]} b4 {[%clk 0:48:57]} 15. Nxe7+ {[%clk 0:32:40]} Qxe7 {[%clk 0:49:23]}
16. Qe2 {[%clk 0:32:47]} Qxe2 {[%clk 0:46:52]} 17. Nxe2 {[%clk 0:33:12]} Rfe8
{[%clk 0:43:31]} 18. Rfe1 {[%clk 0:23:28]} Nxd5 {[%clk 0:43:25]} 19. Bd2 {[%clk
0:23:36]} Ne3 {[%clk 0:39:53]} 20. Bxe3 {[%clk 0:22:59]} Rxe3 {[%clk 0:40:21]}
21. Ng3 {[%clk 0:22:52]} Rxe1+ {[%clk 0:39:05]} 22. Rxe1 {[%clk 0:22:22]} Kf8
{[%clk 0:39:03]} 23. Nf5 {[%clk 0:18:22]} Rd8 {[%clk 0:37:02]} 24. c3 {[%clk
0:18:26]} Bd5 {[%clk 0:32:44]} 25. Ra1 {[%clk 0:16:54]} Bxb3 {[%clk 0:30:25]}
26. Rxa6 {[%clk 0:17:06]} Be6 {[%clk 0:30:13]} 27. Ne3 {[%clk 0:17:11]} c5
{[%clk 0:27:41]} 28. d5 {[%clk 0:10:43]} Bxd5 {[%clk 0:28:01]} 29. cxb4 {[%clk
0:11:09]} cxb4 {[%clk 0:28:03]} 30. Rb6 {[%clk 0:11:05]} Be6 {[%clk 0:28:03]}
31. Rxb4 {[%clk 0:11:27]} Rd2 {[%clk 0:28:13]} 32. Kf1 {[%clk 0:09:13]} Ke7
{[%clk 0:27:21]} 33. Ke1 {[%clk 0:09:29]} Rd7 {[%clk 0:27:47]} 34. Ke2 {[%clk
0:09:43]} f5 {[%clk 0:28:02]} 35. h4 {[%clk 0:07:41]} h6 {[%clk 0:27:22]} 36.
g3 {[%clk 0:07:55]} g5 {[%clk 0:26:41]} 37. hxg5 {[%clk 0:08:20]} hxg5 {[%clk
0:27:10]} 38. Ke1 {[%clk 0:03:26]} Kf6 {[%clk 0:25:19]} 39. Ke2 {[%clk
0:03:23]} Rh7 {[%clk 0:25:36]} 40. Nf1 {[%clk 0:02:28]} Bd5 {[%clk 0:24:52]}
41. Ne3 {[%clk 0:27:55]} Rh2+ {[%clk 0:53:21]} 42. Kf1 {[%clk 0:28:01]} Be6
{[%clk 0:52:19]} 43. Ng2 {[%clk 0:19:43]} Ke5 {[%clk 0:45:42]} 44. Kg1 {[%clk
0:19:34]} Rh3 {[%clk 0:45:02]} 45. Kf2 {[%clk 0:19:59]} Bd5 {[%clk 0:44:49]}
46. Ne3 {[%clk 0:20:22]} Rh2+ {[%clk 0:44:40]} 47. Kg1 {[%clk 0:19:20]} Rh1+
{[%clk 0:42:57]} 48. Kf2 {[%clk 0:19:46]} Be4 {[%clk 0:42:06]} 49. Rb5+ {[%clk
0:18:48]} Kf6 {[%clk 0:42:06]} 50. Rb6+ {[%clk 0:18:37]} Kg7 {[%clk 0:38:16]}
51. Rb5 {[%clk 0:15:28]} Kg6 {[%clk 0:38:40]} 52. Rb6+ {[%clk 0:13:23]} Kf7
{[%clk 0:35:12]} 53. Rb5 {[%clk 0:12:33]} f4 {[%clk 0:34:02]} 54. gxf4 {[%clk
0:10:20]} gxf4 {[%clk 0:34:21]} 55. Ng4 {[%clk 0:10:27]} Kg6 {[%clk 0:28:56]}
56. Ne5+ {[%clk 0:10:23]} Kf6 {[%clk 0:28:08]} 57. Ng4+ {[%clk 0:10:35]} Ke5
1/2-1/2

[Event "DVM U20 2016"]
[Site "Borken-Gemen GER"]
[Date "2016.12.30"]
[Round "7"]
[White "Hacker, Jonas"]
[Black "Beeck, Mats"]
[Result "1/2-1/2"]
[Termination "normal"]
[Board "3.2"]
[WhiteTitle "FM"]
[WhiteElo "2369"]
[BlackElo "2161"]
[WhiteClock "00:24:05"]
[BlackClock "00:37:45"]
[WhiteTeam "SC Eppingen"]
[BlackTeam "SK Doppelbauer Kiel"]
[PlyCount "45"]
[WhiteFideId "1270968"]
[BlackFideId "12936944"]
[EventCountry "GER"]
[EventRounds "7"]
[EventType "team-swiss"]
[EventDate "2016.12.26"]

1. e4 {[%clk 1:30:59]} c5 {[%clk 1:30:48]} 2. Nf3 {[%clk 1:31:24]} Nc6 {[%clk
1:30:50]} 3. d4 {[%clk 1:31:45]} cxd4 {[%clk 1:31:12]} 4. Nxd4 {[%clk 1:32:10]}
g6 {[%clk 1:31:32]} 5. c4 {[%clk 1:32:10]} Nf6 {[%clk 1:31:25]} 6. Nc3 {[%clk
1:32:33]} Nxd4 {[%clk 1:31:40]} 7. Qxd4 {[%clk 1:32:53]} d6 {[%clk 1:31:58]} 8.
Be3 {[%clk 1:26:46]} Bg7 {[%clk 1:32:17]} 9. Be2 {[%clk 1:26:49]} O-O {[%clk
1:32:37]} 10. Qd2 {[%clk 1:26:01]} Be6 {[%clk 1:32:01]} 11. Rc1 {[%clk
1:19:25]} a5 {[%clk 1:26:53]} 12. O-O {[%clk 1:15:13]} a4 {[%clk 1:26:59]} 13.
f3 {[%clk 1:11:51]} Qa5 {[%clk 1:25:58]} 14. Nd5 {[%clk 1:05:04]} Nxd5 {[%clk
1:09:24]} 15. Qxa5 {[%clk 1:01:50]} Nxe3 {[%clk 1:03:18]} 16. Qd2 {[%clk
1:00:28]} Nxf1 {[%clk 1:03:41]} 17. Bxf1 {[%clk 1:00:04]} Rfc8 {[%clk 1:03:32]}
18. g3 {[%clk 0:54:45]} Rc5 {[%clk 1:02:28]} 19. b3 {[%clk 0:50:23]} axb3
{[%clk 1:01:08]} 20. axb3 {[%clk 0:50:51]} Rca5 {[%clk 0:53:06]} 21. Kf2 {[%clk
0:37:53]} Ra3 {[%clk 0:51:29]} 22. Qd3 {[%clk 0:35:25]} b5 {[%clk 0:37:45]} 23.
Qd1 {[%clk 0:24:05]} 1/2-1/2

[Event "DVM U20 2016"]
[Site "Borken-Gemen GER"]
[Date "2016.12.30"]
[Round "7"]
[White "Rieper, Julian"]
[Black "Gibicar, Danijel"]
[Result "1-0"]
[Termination "normal"]
[Board "3.3"]
[BlackTitle "FM"]
[WhiteElo "2029"]
[BlackElo "2264"]
[WhiteClock "00:04:32"]
[BlackClock "00:00:52"]
[WhiteTeam "SK Doppelbauer Kiel"]
[BlackTeam "SC Eppingen"]
[PlyCount "54"]
[WhiteFideId "12936960"]
[BlackFideId "24660256"]
[EventCountry "GER"]
[EventRounds "7"]
[EventType "team-swiss"]
[EventDate "2016.12.26"]

1. e4 {[%clk 1:30:57]} e6 {[%clk 1:30:23]} 2. d4 {[%clk 1:31:15]} d5 {[%clk
1:30:48]} 3. Nc3 {[%clk 1:31:39]} Bb4 {[%clk 1:30:50]} 4. e5 {[%clk 1:32:04]}
c5 {[%clk 1:31:09]} 5. a3 {[%clk 1:32:29]} Ba5 {[%clk 1:31:35]} 6. b4 {[%clk
1:28:49]} cxd4 {[%clk 1:31:01]} 7. Nb5 {[%clk 1:29:03]} Bc7 {[%clk 1:31:24]} 8.
f4 {[%clk 1:26:32]} Bd7 {[%clk 1:31:28]} 9. Nxc7+ {[%clk 1:25:44]} Qxc7 {[%clk
1:31:46]} 10. Nf3 {[%clk 1:25:25]} a6 {[%clk 1:23:30]} 11. Bb2 {[%clk 1:22:34]}
Nc6 {[%clk 1:11:35]} 12. Bd3 {[%clk 1:18:23]} Nge7 {[%clk 1:10:51]} 13. O-O
{[%clk 1:14:56]} h6 {[%clk 1:06:24]} 14. Qe1 {[%clk 1:09:55]} Nf5 {[%clk
0:58:27]} 15. Rf2 {[%clk 0:45:17]} h5 {[%clk 0:41:05]} 16. a4 {[%clk 0:39:51]}
O-O {[%clk 0:24:17]} 17. Bxf5 {[%clk 0:25:47]} exf5 {[%clk 0:24:03]} 18. Nxd4
{[%clk 0:24:55]} Nxd4 {[%clk 0:14:54]} 19. Bxd4 {[%clk 0:25:05]} Be6 {[%clk
0:12:54]} 20. Qd1 {[%clk 0:23:15]} g6 {[%clk 0:09:18]} 21. Ra3 {[%clk 0:20:31]}
Qc4 {[%clk 0:06:26]} 22. Bc5 {[%clk 0:14:09]} Rfe8 {[%clk 0:06:22]} 23. Rg3
{[%clk 0:14:01]} Kh7 {[%clk 0:05:54]} 24. Rg5 {[%clk 0:13:37]} a5 {[%clk
0:03:52]} 25. Rf3 {[%clk 0:08:57]} axb4 {[%clk 0:02:56]} 26. Bd6 {[%clk
0:08:48]} Rh8 {[%clk 0:00:52]} 27. Rxh5+ {[%clk 0:04:32]} gxh5 1-0

[Event "DVM U20 2016"]
[Site "Borken-Gemen GER"]
[Date "2016.12.30"]
[Round "7"]
[White "Mütsch, Annmarie"]
[Black "Wanner, Lukas"]
[Result "1/2-1/2"]
[Termination "normal"]
[Board "3.4"]
[WhiteElo "2094"]
[BlackElo "2020"]
[WhiteClock "00:09:59"]
[BlackClock "00:06:24"]
[WhiteTeam "SC Eppingen"]
[BlackTeam "SK Doppelbauer Kiel"]
[PlyCount "118"]
[WhiteFideId "12971367"]
[BlackFideId "12918148"]
[EventCountry "GER"]
[EventRounds "7"]
[EventType "team-swiss"]
[EventDate "2016.12.26"]

1. e4 {[%clk 1:30:58]} c5 {[%clk 1:30:52]} 2. Nf3 {[%clk 1:31:23]} g6 {[%clk
1:31:18]} 3. d4 {[%clk 1:31:48]} cxd4 {[%clk 1:31:45]} 4. Nxd4 {[%clk 1:32:11]}
Bg7 {[%clk 1:32:07]} 5. c4 {[%clk 1:32:31]} Nc6 {[%clk 1:32:30]} 6. Be3 {[%clk
1:32:14]} Nf6 {[%clk 1:32:46]} 7. Nc3 {[%clk 1:32:31]} O-O {[%clk 1:33:04]} 8.
Be2 {[%clk 1:32:45]} d6 {[%clk 1:33:24]} 9. O-O {[%clk 1:32:52]} Bd7 {[%clk
1:33:27]} 10. Nc2 {[%clk 1:32:30]} Qa5 {[%clk 1:25:29]} 11. f3 {[%clk 1:22:42]}
Rfc8 {[%clk 1:25:05]} 12. Qd2 {[%clk 1:14:01]} a6 {[%clk 1:18:24]} 13. Rab1
{[%clk 1:05:49]} Be6 {[%clk 1:15:00]} 14. b3 {[%clk 0:55:02]} Nd7 {[%clk
1:07:00]} 15. Nd4 {[%clk 0:45:16]} Nxd4 {[%clk 1:04:57]} 16. Bxd4 {[%clk
0:45:40]} Bxd4+ {[%clk 1:05:17]} 17. Qxd4 {[%clk 0:46:04]} Qc5 {[%clk 0:59:29]}
18. Qxc5 {[%clk 0:45:15]} Nxc5 {[%clk 0:59:27]} 19. f4 {[%clk 0:40:10]} f6
{[%clk 0:51:03]} 20. g4 {[%clk 0:29:19]} Nd7 {[%clk 0:37:54]} 21. Rbc1 {[%clk
0:22:49]} g5 {[%clk 0:37:17]} 22. e5 {[%clk 0:13:25]} fxe5 {[%clk 0:33:20]} 23.
fxg5 {[%clk 0:11:26]} a5 {[%clk 0:27:55]} 24. Bf3 {[%clk 0:09:07]} Nc5 {[%clk
0:27:56]} 25. Bd5 {[%clk 0:08:49]} Rf8 {[%clk 0:26:15]} 26. Bxe6+ {[%clk
0:06:14]} Nxe6 {[%clk 0:26:40]} 27. Nd5 {[%clk 0:06:24]} Rae8 {[%clk 0:25:53]}
28. Rxf8+ {[%clk 0:05:50]} Kxf8 {[%clk 0:25:30]} 29. Rf1+ {[%clk 0:06:12]} Kg7
{[%clk 0:25:41]} 30. h4 {[%clk 0:06:23]} Nd4 {[%clk 0:21:23]} 31. Kg2 {[%clk
0:04:39]} Nc6 {[%clk 0:18:32]} 32. Nc7 {[%clk 0:01:11]} Rc8 {[%clk 0:17:54]}
33. Ne6+ {[%clk 0:01:05]} Kg8 {[%clk 0:18:23]} 34. Rf5 {[%clk 0:00:44]} a4
{[%clk 0:14:57]} 35. Kf3 {[%clk 0:00:36]} axb3 {[%clk 0:14:41]} 36. axb3 {[%clk
0:01:02]} Na5 {[%clk 0:14:27]} 37. Ke3 {[%clk 0:00:34]} Nxb3 {[%clk 0:14:46]}
38. h5 {[%clk 0:00:33]} Nc5 {[%clk 0:07:23]} 39. Nxc5 {[%clk 0:00:56]} Rxc5
{[%clk 0:07:48]} 40. Kd3 {[%clk 0:00:37]} Kg7 {[%clk 0:04:08]} 41. Rf1 {[%clk
0:24:39]} e4+ {[%clk 0:33:06]} 42. Kxe4 {[%clk 0:24:58]} Rxg5 {[%clk 0:33:13]}
43. Rg1 {[%clk 0:19:54]} h6 {[%clk 0:31:45]} 44. Rg3 {[%clk 0:19:40]} Kf6
{[%clk 0:29:58]} 45. Rf3+ {[%clk 0:19:56]} Ke6 {[%clk 0:30:09]} 46. Rf4 {[%clk
0:19:36]} Rg7 {[%clk 0:25:14]} 47. Ke3 {[%clk 0:18:54]} Rf7 {[%clk 0:23:52]}
48. Re4+ {[%clk 0:18:26]} Kd7 {[%clk 0:24:17]} 49. Kd3 {[%clk 0:15:24]} Rf3+
{[%clk 0:23:57]} 50. Ke2 {[%clk 0:15:31]} Rf6 {[%clk 0:22:32]} 51. Kd3 {[%clk
0:14:39]} b6 {[%clk 0:21:34]} 52. Re3 {[%clk 0:09:43]} e5 {[%clk 0:16:49]} 53.
Rg3 {[%clk 0:09:07]} Ke6 {[%clk 0:14:35]} 54. g5 {[%clk 0:08:49]} hxg5 {[%clk
0:14:48]} 55. Rxg5 {[%clk 0:09:12]} Rh6 {[%clk 0:08:22]} 56. Ke4 {[%clk
0:08:47]} Kf6 {[%clk 0:07:30]} 57. Rf5+ {[%clk 0:09:08]} Ke6 {[%clk 0:07:17]}
58. Rg5 {[%clk 0:09:34]} Kf6 {[%clk 0:05:57]} 59. Rf5+ {[%clk 0:09:59]} Ke6
{[%clk 0:06:24]} 1/2-1/2

[Event "DVM U20 2016"]
[Site "Borken-Gemen GER"]
[Date "2016.12.30"]
[Round "7"]
[White "Nahnsen, Kenneth"]
[Black "Bay, Nicolai"]
[Result "1/2-1/2"]
[Termination "normal"]
[Board "3.5"]
[WhiteElo "2024"]
[BlackElo "1977"]
[WhiteClock "00:11:07"]
[BlackClock "00:37:17"]
[WhiteTeam "SK Doppelbauer Kiel"]
[BlackTeam "SC Eppingen"]
[PlyCount "138"]
[WhiteFideId "12957119"]
[BlackFideId "12927619"]
[EventCountry "GER"]
[EventRounds "7"]
[EventType "team-swiss"]
[EventDate "2016.12.26"]

1. g3 {[%clk 1:30:58]} Nf6 {[%clk 1:30:51]} 2. Bg2 {[%clk 1:31:23]} g6 {[%clk
1:31:17]} 3. b3 {[%clk 1:26:27]} Bg7 {[%clk 1:31:19]} 4. Bb2 {[%clk 1:26:52]}
O-O {[%clk 1:30:36]} 5. e3 {[%clk 1:27:13]} d5 {[%clk 1:29:56]} 6. Ne2 {[%clk
1:27:32]} c5 {[%clk 1:28:26]} 7. c4 {[%clk 1:26:17]} dxc4 {[%clk 1:26:27]} 8.
bxc4 {[%clk 1:25:42]} Qc7 {[%clk 1:26:29]} 9. O-O {[%clk 1:25:21]} Nc6 {[%clk
1:24:19]} 10. Nbc3 {[%clk 1:24:45]} Be6 {[%clk 1:22:41]} 11. Nd5 {[%clk
1:24:28]} Nxd5 {[%clk 1:21:20]} 12. Bxg7 {[%clk 1:24:50]} Nxe3 {[%clk 1:21:14]}
13. fxe3 {[%clk 1:23:50]} Kxg7 {[%clk 1:21:32]} 14. Qb3 {[%clk 1:23:13]} Rad8
{[%clk 1:14:42]} 15. Nf4 {[%clk 1:22:25]} Bc8 {[%clk 1:12:18]} 16. Rf2 {[%clk
1:17:39]} Qe5 {[%clk 1:08:45]} 17. Raf1 {[%clk 1:17:10]} Na5 {[%clk 1:03:00]}
18. Nd3 {[%clk 0:49:36]} Nxb3 {[%clk 0:56:22]} 19. Nxe5 {[%clk 0:47:37]} f6
{[%clk 0:56:18]} 20. axb3 {[%clk 0:35:53]} fxe5 {[%clk 0:56:33]} 21. Rxf8
{[%clk 0:36:20]} Rxf8 {[%clk 0:56:56]} 22. Ra1 {[%clk 0:36:45]} a6 {[%clk
0:57:00]} 23. b4 {[%clk 0:30:48]} cxb4 {[%clk 0:52:11]} 24. Ra4 {[%clk
0:31:13]} Rd8 {[%clk 0:48:30]} 25. Rxb4 {[%clk 0:31:31]} Rxd2 {[%clk 0:48:51]}
26. Bxb7 {[%clk 0:30:03]} Bxb7 {[%clk 0:48:02]} 27. Rxb7 {[%clk 0:30:25]} Kf7
{[%clk 0:48:23]} 28. Rb6 {[%clk 0:27:47]} Rc2 {[%clk 0:48:27]} 29. Rxa6 {[%clk
0:28:11]} Rxc4 {[%clk 0:48:51]} 30. Ra2 {[%clk 0:27:20]} g5 {[%clk 0:47:12]}
31. h3 {[%clk 0:26:07]} h5 {[%clk 0:47:25]} 32. Kf2 {[%clk 0:21:57]} Kf6 {[%clk
0:43:52]} 33. Ra8 {[%clk 0:18:56]} Rc2+ {[%clk 0:41:09]} 34. Kf3 {[%clk
0:18:52]} Rh2 {[%clk 0:36:46]} 35. Rf8+ {[%clk 0:17:26]} Ke6 {[%clk 0:35:35]}
36. e4 {[%clk 0:09:48]} Rxh3 {[%clk 0:35:21]} 37. Kg2 {[%clk 0:10:13]} g4
{[%clk 0:35:46]} 38. Rh8 {[%clk 0:10:23]} Kd7 {[%clk 0:35:18]} 39. Ra8 {[%clk
0:06:17]} Kc6 {[%clk 0:33:50]} 40. Ra5 {[%clk 0:06:39]} Kd6 {[%clk 0:33:47]}
41. Rd5+ {[%clk 0:06:33]} Ke6 {[%clk 0:33:49]} 42. Ra5 {[%clk 0:06:58]} h4
{[%clk 0:30:38]} 43. gxh4 {[%clk 0:03:50]} Re3 {[%clk 0:30:23]} 44. Ra6+ {[%clk
0:03:21]} Kf7 {[%clk 0:30:40]} 45. h5 {[%clk 0:25:34]} Rxe4 {[%clk 0:58:36]}
46. Rg6 {[%clk 0:19:33]} Rf4 {[%clk 0:52:02]} 47. Kg3 {[%clk 0:19:47]} Rf6
{[%clk 0:51:57]} 48. Rxg4 {[%clk 0:20:03]} Rf5 {[%clk 0:50:30]} 49. Rh4 {[%clk
0:19:34]} Kg7 {[%clk 0:50:23]} 50. Kg4 {[%clk 0:15:55]} e6 {[%clk 0:47:39]} 51.
h6+ {[%clk 0:14:20]} Kg6 {[%clk 0:47:36]} 52. Rh1 {[%clk 0:13:55]} Rf4+ {[%clk
0:48:00]} 53. Kg3 {[%clk 0:14:14]} Kh7 {[%clk 0:48:23]} 54. Ra1 {[%clk
0:12:25]} Kxh6 {[%clk 0:47:01]} 55. Ra6 {[%clk 0:12:52]} Kg5 {[%clk 0:47:12]}
56. Rxe6 {[%clk 0:13:04]} Kf5 {[%clk 0:46:46]} 57. Re8 {[%clk 0:13:13]} Ke4
{[%clk 0:46:10]} 58. Ra8 {[%clk 0:12:36]} Rf3+ {[%clk 0:46:31]} 59. Kg2 {[%clk
0:12:07]} Rb3 {[%clk 0:45:53]} 60. Rh8 {[%clk 0:11:26]} Rb2+ {[%clk 0:45:28]}
61. Kf1 {[%clk 0:11:33]} Kd3 {[%clk 0:43:54]} 62. Rh3+ {[%clk 0:11:51]} Kd4
{[%clk 0:44:14]} 63. Ra3 {[%clk 0:12:04]} e4 {[%clk 0:44:11]} 64. Ke1 {[%clk
0:11:51]} Rg2 {[%clk 0:42:45]} 65. Kd1 {[%clk 0:11:06]} Ke5 {[%clk 0:40:41]}
66. Ke1 {[%clk 0:10:48]} Rh2 {[%clk 0:39:22]} 67. Rb3 {[%clk 0:10:51]} Kf4
{[%clk 0:39:11]} 68. Ra3 {[%clk 0:10:44]} e3 {[%clk 0:37:17]} 69. Ra8 {[%clk
0:11:07]} Ke5 1/2-1/2

[Event "DVM U20 2016"]
[Site "Borken-Gemen GER"]
[Date "2016.12.30"]
[Round "7"]
[White "Hahn, Cedric"]
[Black "Mieck, Jale"]
[Result "1/2-1/2"]
[Termination "normal"]
[Board "3.6"]
[WhiteElo "1971"]
[BlackElo "1933"]
[WhiteClock "00:14:50"]
[BlackClock "00:53:30"]
[WhiteTeam "SC Eppingen"]
[BlackTeam "SK Doppelbauer Kiel"]
[PlyCount "51"]
[WhiteFideId "12910538"]
[BlackFideId "12936871"]
[EventCountry "GER"]
[EventRounds "7"]
[EventType "team-swiss"]
[EventDate "2016.12.26"]

1. d4 {[%clk 1:30:53]} g6 {[%clk 1:30:21]} 2. c4 {[%clk 1:31:14]} f5 {[%clk
1:30:38]} 3. Nc3 {[%clk 1:31:27]} Nf6 {[%clk 1:31:03]} 4. Nf3 {[%clk 1:22:39]}
Bg7 {[%clk 1:31:20]} 5. Bg5 {[%clk 1:20:40]} d6 {[%clk 1:31:02]} 6. Bxf6 {[%clk
1:20:00]} Bxf6 {[%clk 1:31:12]} 7. e4 {[%clk 1:19:08]} Nc6 {[%clk 1:27:16]} 8.
Qd2 {[%clk 1:06:26]} e5 {[%clk 1:26:32]} 9. dxe5 {[%clk 1:04:22]} Nxe5 {[%clk
1:24:50]} 10. Nxe5 {[%clk 0:58:11]} Bxe5 {[%clk 1:23:53]} 11. Bd3 {[%clk
0:49:36]} f4 {[%clk 1:21:49]} 12. O-O-O {[%clk 0:47:06]} Be6 {[%clk 1:20:31]}
13. Kb1 {[%clk 0:45:55]} Qf6 {[%clk 1:17:55]} 14. Nd5 {[%clk 0:45:35]} Bxd5
{[%clk 1:14:52]} 15. cxd5 {[%clk 0:44:30]} O-O {[%clk 1:12:55]} 16. Be2 {[%clk
0:40:14]} a5 {[%clk 1:09:02]} 17. a4 {[%clk 0:39:47]} Qe7 {[%clk 1:07:28]} 18.
f3 {[%clk 0:38:48]} c6 {[%clk 1:06:13]} 19. b3 {[%clk 0:33:38]} Rfb8 {[%clk
1:04:36]} 20. dxc6 {[%clk 0:28:39]} bxc6 {[%clk 1:04:48]} 21. Ka2 {[%clk
0:28:19]} Rb4 {[%clk 1:04:10]} 22. Qc2 {[%clk 0:27:41]} Qb7 {[%clk 1:00:46]}
23. Rb1 {[%clk 0:23:03]} Qb6 {[%clk 0:56:15]} 24. Rhc1 {[%clk 0:20:01]} Rc8
{[%clk 0:55:03]} 25. Bf1 {[%clk 0:15:40]} Kg7 {[%clk 0:53:30]} 26. Bc4 {[%clk
0:14:50]} 1/2-1/2

[Event "DVM U20 2016"]
[Site "Borken-Gemen GER"]
[Date "2016.12.30"]
[Round "7"]
[White "Xu, Xianliang"]
[Black "Altstadt, Karl-Simon"]
[Result "1-0"]
[Termination "normal"]
[Board "4.1"]
[WhiteTitle "FM"]
[WhiteElo "2295"]
[BlackElo "1995"]
[WhiteTeam "SG Porz"]
[BlackTeam "USV Halle"]
[PlyCount "51"]
[WhiteFideId "4603230"]
[BlackFideId "24696676"]
[EventCountry "GER"]
[EventRounds "7"]
[EventType "team-swiss"]
[EventDate "2016.12.26"]

1.e4 c5 2.Nf3 e6 3.c3 Nf6 4.e5 Nd5 5.d4 cxd4 6.cxd4 d6 7.Bc4 Nc6 8.O-O Be7
9.Qe2 O-O 10.Qe4 Bd7 11.a3 Rc8 12.Re1 a6 13.Bd3 f5 14.exf6 Nxf6 15.Qe2 Qe8
16.Nc3 Qh5 17.h3 Nd5 18.Qe4 Nf6 19.Qe2 Nd5 20.Be4 Nf4 21.Bxf4 Rxf4 22.d5 Ne5
23.Nxe5 Qxe5 24.dxe6 Bxe6 25.Bxb7 Rc5 26.Qd2 1-0

[Event "DVM U20 2016"]
[Site "Borken-Gemen GER"]
[Date "2016.12.30"]
[Round "7"]
[White "Hartge, Gedeon"]
[Black "Sabirov, Ramil"]
[Result "1-0"]
[Termination "normal"]
[Board "4.2"]
[WhiteElo "2088"]
[BlackElo "1996"]
[WhiteTeam "USV Halle"]
[BlackTeam "SG Porz"]
[PlyCount "75"]
[WhiteFideId "12932116"]
[BlackFideId "12900303"]
[EventCountry "GER"]
[EventRounds "7"]
[EventType "team-swiss"]
[EventDate "2016.12.26"]

1.d4 Nf6 2.c4 g6 3.f3 e5 4.dxe5 Nh5 5.Nh3 Nc6 6.Nc3 Nxe5 7.Bg5 f6 8.Bc1 Bb4
9.e4 Bxc3+ 10.bxc3 d6 11.Nf2 Be6 12.Qb3 Qe7 13.Be2 Ng7 14.f4 Nd7 15. Ba3 Rb8
16.Qc2 O-O 17.O-O Rfe8 18.Rae1 Qf7 19.Ng4 Bxg4 20.Bxg4 Nb6 21.c5 Nc4 22.Qc1
Nxa3 23.Qxa3 d5 24.Bf3 dxe4 25.Bxe4 Nf5 26.c6 Nd6 27.Bc2 b5 28. Bb3 Nc4 29.Qxa7
Ra8 30.Rxe8+ Qxe8 31.Qxc7 Rc8 32.Qd7 Kh8 33.Bxc4 bxc4 34. Ra1 Qe3+ 35.Kh1 Re8
36.h3 Re7 37.Qd8+ Kg7 38.c7 1-0

[Event "DVM U20 2016"]
[Site "Borken-Gemen GER"]
[Date "2016.12.30"]
[Round "7"]
[White "Padva, Leo"]
[Black "Gröbel, Aaron"]
[Result "0-1"]
[Termination "normal"]
[Board "4.3"]
[WhiteElo "1937"]
[BlackElo "1977"]
[WhiteTeam "SG Porz"]
[BlackTeam "USV Halle"]
[PlyCount "116"]
[WhiteFideId "12964379"]
[BlackFideId "12914851"]
[EventCountry "GER"]
[EventRounds "7"]
[EventType "team-swiss"]
[EventDate "2016.12.26"]

1.e4 e5 2.Nf3 Nc6 3.Bb5 Nge7 4.O-O g6 5.d4 exd4 6.Nxd4 Bg7 7.c3 O-O 8.Bg5 h6
9.Bh4 Nxd4 10.cxd4 g5 11.Bg3 c6 12.Bc4 d5 13.exd5 cxd5 14.Bb3 Nc6 15. Nc3 Be6
16.Ne2 Re8 17.Qd2 Rc8 18.Rac1 Qb6 19.Ba4 Bg4 20.Nc3 Qxd4 21.Qxd4 Bxd4 22.Nxd5
Be6 23.Nc7 Rf8 24.Nxe6 fxe6 25.Bb3 Rce8 26.Rc2 Kg7 27.Re1 Rf6 28.Ba4 e5 29.Rd2
Ref8 30.Bxc6 Rxc6 31.Kf1 Kf6 32.h4 Kf5 33.Rd3 Rfc8 34.Rb3 b6 35.Rf3+ Ke6 36.Rd3
Rc1 37.b3 Kd5 38.f3 R8c2 39.Rxc1 Rxc1+ 40.Be1 e4 41. fxe4+ Kxe4 42.Rg3 Be5
43.Rg4+ Kf5 44.Rc4 Rxc4 45.bxc4 gxh4 46.Bf2 Bd6 47. Bxh4 Ke4 48.Ke2 Kd4 49.g4
Kxc4 50.Bf6 b5 51.Kf3 Ba3 52.Ke4 a5 53.g5 hxg5 54.Bxg5 Bb2 55.Bd2 a4 56.Ke3 b4
57.Ke2 b3 58.axb3+ Kxb3 0-1

[Event "DVM U20 2016"]
[Site "Borken-Gemen GER"]
[Date "2016.12.30"]
[Round "7"]
[White "Schulte, Felix"]
[Black "Spindler, Florian"]
[Result "1-0"]
[Termination "normal"]
[Board "4.4"]
[WhiteElo "1892"]
[BlackElo "1893"]
[WhiteTeam "USV Halle"]
[BlackTeam "SG Porz"]
[PlyCount "79"]
[WhiteFideId "12914800"]
[BlackFideId "12964387"]
[EventCountry "GER"]
[EventRounds "7"]
[EventType "team-swiss"]
[EventDate "2016.12.26"]

1.d4 Nf6 2.c4 e6 3.Nc3 Bb4 4.e3 O-O 5.Ne2 Re8 6.a3 Bf8 7.Ng3 d5 8.cxd5 exd5
9.Bd3 c6 10.O-O Nbd7 11.Bc2 Nb6 12.Qd3 Qd6 13.f3 g6 14.e4 dxe4 15. fxe4 Ng4
16.h3 Nh6 17.e5 Qe7 18.Nce4 Nd5 19.Nd6 Be6 20.Nxe8 Rxe8 21.Bd2 c5 22.Ne4 cxd4
23.Nd6 Rd8 24.Qxd4 Qc7 25.Be4 Nb6 26.Rac1 Qd7 27.Bg5 Rb8 28. Rfd1 Bb3 29.Rd2
Bg7 30.Kh1 Qe6 31.Bf6 Bxf6 32.exf6 Nd7 33.Nxb7 Nxf6 34.Nc5 Qe7 35.Rf1 Nxe4
36.Nxe4 Nf5 37.Nf6+ Kg7 38.Rxf5 Qe1+ 39.Kh2 gxf5 40.Nd7+ 1-0

[Event "DVM U20 2016"]
[Site "Borken-Gemen GER"]
[Date "2016.12.30"]
[Round "7"]
[White "Niesel, Tobias"]
[Black "Perekhozhuk, Maksym"]
[Result "1-0"]
[Termination "normal"]
[Board "4.5"]
[WhiteElo "1887"]
[BlackElo "1912"]
[WhiteTeam "SG Porz"]
[BlackTeam "USV Halle"]
[PlyCount "87"]
[WhiteFideId "12962155"]
[BlackFideId "12914860"]
[EventCountry "GER"]
[EventRounds "7"]
[EventType "team-swiss"]
[EventDate "2016.12.26"]

1.c4 c5 2.g3 Nf6 3.Bg2 d5 4.cxd5 Nxd5 5.Nc3 Nc7 6.Nf3 Nc6 7.O-O e5 8.Ne1 Bd7
9.b3 Bd6 10.Nd3 Qe7 11.Ne4 O-O 12.Nxd6 Qxd6 13.Ba3 Ne6 14.Rc1 b6 15.f4 exf4
16.Nxf4 Nxf4 17.Rxf4 Rad8 18.e3 Rfe8 19.Qc2 Rc8 20.Rcf1 Nb4 21.Bxb4 cxb4 22.Qb2
Be6 23.Rd4 Qc5 24.Be4 Bh3 25.Bxh7+ Kf8 26.Re1 Qc6 27.d3 Qf3 28.Be4 Rxe4 29.Rxe4
Rc3 30.Qf2 Qxf2+ 31.Kxf2 Rxd3 32.Rxb4 f5 33.Ke2 Rd5 34.Rd4 Rc5 35.Kd2 Re5
36.Rc1 Re7 37.Rd8+ Kf7 38.Rc6 Bg2 39.Rcd6 f4 40.gxf4 Bh3 41.Rd4 Bf5 42.e4 Bh3
43.Ke3 g6 44.Rh8 1-0